Advance pricing agreements : past, present and future /

Bibliographic Details
Main Author: Markham, Michelle
Format: Book
Language:English
Published: Alphen aan den Rijn : Wolters Kluwer Law & Business : Kluwer Law International ; [2012]
Subjects:

MARC

Tag First Indicator Second Indicator Subfields
LEADER 00000cam a2200000Ia 4500
001 in00002767775
005 20150922114136.0
008 120711s2012 ne a b 001 0 eng d
020 |a 9789041140425 (hd.bd.) 
020 |a 9041140425 (hd.bd.) 
035 |a (OCoLC)ocn809030656 
035 |a (OCoLC)798793506 
035 |a (OCoLC)809030656 
040 |a OHX  |c OHX  |d YDXCP  |d TXA  |d UtOrBLW 
049 |a TXAM 
072 7 |a K  |2 lcco 
090 |a K4544  |b .M37 2012 
100 1 |a Markham, Michelle. 
245 1 0 |a Advance pricing agreements :  |b past, present and future /  |c Michelle Markham. 
264 1 |a Alphen aan den Rijn :  |b Wolters Kluwer Law & Business :  |b Kluwer Law International ;  |c [2012] 
264 2 |a Frederick, MD :  |b Sold and distributed in North, Central and South America by Aspen Publishers, 
264 4 |c ©2012 
300 |a xviii, 388 pages :  |b illustrations ;  |c 24 cm. 
336 |a text  |b txt  |2 rdacontent 
337 |a unmediated  |b n  |2 rdamedia 
338 |a volume  |b nc  |2 rdacarrier 
500 |a Onderaan titelpag.: Wolters Kluwer, Law & Business. 
504 |a Includes bibliographical references and index. 
650 0 |a International business enterprises  |x Taxation. 
650 0 |a Transfer pricing. 
945 |a PromptCat  |b 6729 
946 |a west,stk 
947 |a A14835990067 
994 |a C0  |b TXA 
948 |a cataloged  |b h  |c 2012/9/7  |d c  |e nbehmer  |f 3:25:20 pm 
999 |a MARS 
999 f f |s 9263ebc2-53c7-3c6f-8e6a-877195b53254  |i 02bd47ca-1bda-38ad-8f9b-570b244bbb9b  |t 0 
952 f f |p ric  |a Texas A&M University  |b Rellis Campus  |c Joint Library Facility  |d Remote Storage  |t 0  |e K4544 .M37 2012  |h Library of Congress classification  |i unmediated -- volume  |m A14835990067 
998 f f |a K4544 .M37 2012  |t 0  |l Remote Storage